000 00570nam a2200253Ia 4500
008 160321s9999||||xx |||||||||||||| ||und||
040 _cMarathi
082 _aXI.C/Upasani
082 _bBORI-88176
245 _aShri Upasani Prasad
260 _aPune
300 _a225/54
300 _bSixth
300 _cF
300 _ePaperback
530 _bS. S. Desai
530 _u00087881.pdf
563 _aStudy
630 _aShri Upasani Prasad
650 _aGeneral Indology
650 _aPhilosophy
730 _aShri Upasani Prasad
942 _cBOOK
999 _c1371589
_d1371586